| 000 | 00533nam a2200133Ia 4500 | ||
|---|---|---|---|
| 008 | 160809s9999 xx 000 0 und d | ||
| 100 | _aMcCallum, Elizabeth. | ||
| 245 | _aTHE TAPED PROBLEMS INTERVENTION: INCREASING THE MATH FACT FLUENCY OF A STUDENT WITH AN INTELLECTUAL DISABILITY | ||
| 245 | _cElizabeth McCallum,Ara J. Schmitt Duquesne University. | ||
| 260 | _bInternational Journal of Special Education | ||
| 260 | _c2011 | ||
| 650 | _xSPECIAL EDUCATION | ||
| 856 | _uhttp://www.internationaljournalofspecialed.com/issues.php | ||
| 999 |
_c300442 _d300442 |
||